| 000 | 00353nam a22001217a 4500 | ||
|---|---|---|---|
| 008 | 131105b xxu||||| |||| 00| 0 eng d | ||
| 020 |
_a0130124680 _cAvailable |
||
| 050 | _a621.39MAN | ||
| 082 | _2Second Edition | ||
| 100 | _gPB (iii)- 652 pges | ||
| 245 |
_aLogic And Computer Design Fundamentals _cMano Morris M |
||
| 260 |
_aNew Jersey _bPrentice-Hall _c2000 |
||
| 999 |
_c23509 _d23509 |
||